Most popular twitch games - Statistics

General Stats
  • This quiz has been taken 379 times
  • The average score is 5 of 10
Answer Stats
# Views Answer % Correct
2 20.78b Fortnite
89%
9 5.14b Minecraft
81%
1 35.67b League of legends
79%
3 16.1b Counter-strike: Global offensive
66%
6 9.96b Grand Theft Auto V
54%
7 8.15b World of Warcraft
40%
4 15.02b DOTA 2
35%
8 7b Overwatch
30%
5 11.62b Hearthstone
12%
10 2.87b Tom Clancy's Rainbow Six: Siege
0%
No matching quizzes found
Score Distribution
Percent of People with Each Score
Percentile by Number Answered
Your Score History
You have not taken this quiz